MARC details
| 000 -LEADER |
| fixed length control field |
00976nam a2200229Ia 4500 |
| 003 - CONTROL NUMBER IDENTIFIER |
| control field |
IN-BaIIA |
| 008 - FIXED-LENGTH DATA ELEMENTS--GENERAL INFORMATION |
| fixed length control field |
211028s9999 xx 000 0 eng d |
| 020 ## - INTERNATIONAL STANDARD BOOK NUMBER |
| International Standard Book Number |
90-277-2482-2 |
| 040 ## - CATALOGING SOURCE |
| Transcribing agency |
IIA Library |
| 080 ## - UNIVERSAL DECIMAL CLASSIFICATION NUMBER |
| Universal Decimal Classification number |
52(082.1) |
| Item number |
ASS-134 |
| 111 ## - MAIN ENTRY--MEETING NAME |
| Meeting name or jurisdiction name as entry element |
Symposium on Interstellar Processes |
| Location of meeting |
Grand Teton National Park, United States, |
| Date of meeting or treaty signing |
1986 July |
| 9 (RLIN) |
15361 |
| 245 #0 - TITLE STATEMENT |
| Title |
Interstellar processes |
| Remainder of title |
proceedings of the symposium on interstellar processes, held in Grand Teton National Park, United States, July 1986 |
| Statement of responsibility, etc. |
edited by David J.Hollenbach and Harley A.Thronson |
| 260 ## - PUBLICATION, DISTRIBUTION, ETC. |
| Place of publication, distribution, etc. |
Dordrecht |
| Name of publisher, distributor, etc. |
D. Reidel Publishing |
| Date of publication, distribution, etc. |
1987 |
| 300 ## - PHYSICAL DESCRIPTION |
| Extent |
xi, 807p. |
| 490 ## - SERIES STATEMENT |
| Series statement |
Astrophysics and space science library; v. 134 |
| 650 ## - SUBJECT ADDED ENTRY--TOPICAL TERM |
| Topical term or geographic name entry element |
Astronomy and Astrophysics Thesaurus |
| 650 ## - SUBJECT ADDED ENTRY--TOPICAL TERM |
| Topical term or geographic name entry element |
Interstellar matter |
| 9 (RLIN) |
1189 |
| 650 ## - SUBJECT ADDED ENTRY--TOPICAL TERM |
| Topical term or geographic name entry element |
Interstellar medium |
| 9 (RLIN) |
3375 |
| 700 ## - ADDED ENTRY--PERSONAL NAME |
| Personal name |
Hollenbach, David J., ed. |
| 9 (RLIN) |
15362 |
| 700 ## - ADDED ENTRY--PERSONAL NAME |
| Personal name |
Thronson, Harley A., ed. |
| 9 (RLIN) |
15363 |
| 942 ## - ADDED ENTRY ELEMENTS (KOHA) |
| Koha item type |
Books |